Textbook of physiology for dental students / (Record no. 12147)

MARC details
000 -LEADER
fixed length control field 00634nam a22002172 4500
001 - CONTROL NUMBER
control field 0000020482
005 - DATE AND TIME OF LATEST TRANSACTION
control field 20151217155229.0
008 - FIXED-LENGTH DATA ELEMENTS--GENERAL INFORMATION
fixed length control field 110920s xx 000 0 eng d
020 ## - INTERNATIONAL STANDARD BOOK NUMBER
International Standard Book Number 8123913133 :
040 ## - CATALOGING SOURCE
Original cataloging agency KABU
Transcribing agency KABU
100 1# - MAIN ENTRY--PERSONAL NAME
Personal name Marya, R. K.
-- 0000180761
245 10 - TITLE STATEMENT
Title Textbook of physiology for dental students /
Statement of responsibility, etc. R. K. Marya and C. M. Marya.
250 ## - EDITION STATEMENT
Edition statement 2nd ed.
260 ## - PUBLICATION, DISTRIBUTION, ETC. (IMPRINT)
Place of publication, distribution, etc. New Delhi :
Name of publisher, distributor, etc. CBS,
Date of publication, distribution, etc. 2006.
300 ## - PHYSICAL DESCRIPTION
Extent xx, 526 p.
650 #0 - SUBJECT ADDED ENTRY--TOPICAL TERM
Topical term or geographic name as entry element Physiology.
-- 0000040275
700 1# - ADDED ENTRY--PERSONAL NAME
Personal name Marya, C. M.
-- 0000180762
852 1# - LOCATION
-- p785 KES
908 ## - PUT COMMAND PARAMETER (RLIN)
Put command parameter 110920
950 ## - LOCAL HOLDINGS (RLIN)
-- 1
Holdings
Withdrawn status Lost status Source of classification or shelving scheme Not for loan Home library Current library Date acquired Total Checkouts Total Renewals Full call number Barcode Date last seen Date last checked out Price effective from Koha item type
    Library of Congress Classification   Kabarak, Main Campus Kabarak, Main Campus 17/12/2015 4 2 QP34.5 .M37 2006 c. 1 21359 13/10/2023 14/09/2023 17/12/2015 General Collection
Designed with assistance from East African Informatics Ltd